Serie A 2026-2027 - Statistics

Statistiche generali
  • Questo quiz è stato fatto 21 volte
  • Il punteggio medio è 18 su 20
Statistiche sulle risposte
Squadra % Corretto
Inter
100%
Juventus
100%
Como
95%
Lazio
95%
Milan
95%
Monza
95%
Napoli
95%
Roma
95%
Venezia
95%
Bologna
90%
Cagliari
90%
Fiorentina
90%
Frosinone
90%
Torino
90%
Udinese
90%
Atalanta
85%
Genoa
85%
Lecce
80%
Sassuolo
80%
Parma
75%
Nessun quiz corrispondente trovato
Distribuzione punteggi
Percentuale di utenti per punteggio
Percentile per numero di risposta
I tuoi punteggi nel tempo
Non hai fatto questo quiz